000 00948cam a2200385 4500
001 ABS68003
008 040709n2004 000 0 eng u
035 _a(Sirsi) u126748
245 _aFocus 1 update: Surrey, Sussex and Kent
260 _c2004
490 _aEstates Gazette
_v(0427) 3 July 2004, 67-83(7)
590 _aABS
590 _aABS
650 _aSURREY
650 _aSUSSEX
650 _aKENT
650 _aCROYDON
650 _aGUILDFORD
650 _aCRAWLEY
650 _aASHFORD
650 _aBROMLEY
650 _aDARTFORD
650 _aDOVER
650 _aFOLKESTONE
650 _aMAIDSTONE
650 _aSEVENOAKS
650 _aSIDCUP
650 _aSITTINGBOURNE
650 _aPROPERTY-COMMERCIAL PROPERTY-RETAIL PROPERTY-RETAIL PROPERTY MARKET
650 _aINDUSTRIAL MARKET
650 _aOFFICE MARKET
650 _aZONE A RENTS
690 _aCOMMERCIAL PROPERTY-MARKET
942 _n0
999 _c117678
_d117678